000
00368nam a2200145Ia 4500
008
090124s9999 xx 000 0 und d
082
_b
303975
245
_a
होल्डॉल
250
_a
1
260
_b
फडणीस शकुंतला
_c
2000
300
_a
96
630
_a
होल्डॉल
730
_a
होल्डॉल
942
_c
BOOK
999
_c
193612
_d
193612